Quizzes
Events
Quiz Creation
Community
Videos
Private Events
Remove Ads
Sign In
Join for FREE
Feedback
Dark Mode
Quiz Categories
Sports
Geography
Music
Movies
Television
Just For Fun
Miscellaneous
History
Literature
Language
Science
Gaming
Entertainment
Religion
Holiday
For Kids
Quiz Lab
Recent
Popular Today
Quiz Kudos Today
Editor Picks
Curator Picks
Quizzes by...
Day
Popularity
Type
Ratings
Length
Year
Community
Subscriptions
Recent Discussions
Orange Saloon
Badges
Playlists
Quests
Create
Leaderboards
Showdown
Live 5
Trivia Bingo
Activity
Puzzle Library
Sporcle Events
Private Events
Virtual Trivia
Globe League
Become a Host
Pub Owners
SporcleCon
Opinionation
Our Games
Videos
Blog
Mobile Apps
Partnerships
Remove Ads and Go Orange
Feedback
Music
Pop Music
The Beatles
Song
Album
Lyrics
Bands
Singers
Artist
Clip
Rock
Rap
Classical
Billboard
Country Music
Kpop
Taylor Swift
Music
Pop Music
The Beatles
Song
Album
Lyrics
Bands
Singers
Artist
Clip
Rock
Rap
Classical
Billboard
Country Music
Kpop
Taylor Swift
Random Quiz
Search Sporcle
×
Quiz Lab
Quiz Lab
Music
Song
Type in answers that appear in a list
Type in answers that appear in a list
Classic
Best Score? Go Orange.
Rise Against Songs By Antonym Stats
Can you name the Rise Against Songs By their Antonym?
By
TonyAlmeida
10m
18 Questions
1,719 Plays
1,719 Plays
1,719 Plays
Comments
Comments
Give Quiz Kudos
Give Quiz Kudos
-
- Ratings
hide this ad
Forced Order
Answers have to be entered in order
Answers have to be entered in order
Replay
Link that replays current quiz
Next Quiz
Link to next quiz in quiz playlist
You Got
0%
They Got
Avg Score
62%
Avg Friend Score
Upgrade to see
Score Distribution
Jump to the score distribution portion of the page
Score
0/18
Timer
10:00
0
Plays Today
Antonym
Song
% Correct
Unprepared to rise
Ready to Fall
89.2%
Short Remembered Daughters
Long Forgotten Sons
85%
Villian of Peace
Hero of War
84.7%
The Weakness not to continue
The Strength to go on
81.5%
Dead or sick
Alive and Well
81.2%
Unlike a devil
Like the Angel
76.7%
Above the Fork
Under the Knife
76.2%
Take Nothing
Give it All
75.6%
-
1000 Bad Reluctants
1000 Good Intentions
55.6%
Antonym
Song
% Correct
Plastic Tails
Paper Wings
54.3%
Slash Death Towards
Swing Life Away
53.8%
Your Death Outside My Lungs
My Life Inside Your Heart
53.1%
Singing to Sunshine
Dancing for Rain
50.2%
Silence on Camcorder
Voices Off Camera
49.7%
Well-
made French
Broken English
48.1%
A Final Ascent
The First Drop
47.5%
Country of Segregation
State of the Union
35.8%
Green Remaining the Same
Amber Changing
26.4%
Quiz Playlist
Details
Report
Send in Message
Add To Playlist
Classic:
Type in answers that appear in a list
Forced Order:
Answers have to be entered in order
Last Updated: Mar 23, 2017
Quiz Scoreboard
CHALLENGE
Sign Up to Join the Scoreboard
Show All
Scores
Hide
Comments
May contain spoilers
Recently Published
Popular People in 1961
by mucciniale
History
6m
1-10 Letter E Words III
by El_Dandy
Language
2m
One Thing in Common: World Cities II
by knightlancer
Geography
7m
More to Explore
Quiz From the Vault
Featured Blog Post
Where Did the Easter Bunny Come From?
hide this ad
You Might Also Like...
Tags
Song Quiz
Against
Antonym
rise
Rise Against
Today's Top Quizzes in Music
Browse Music
hide this ad
Today's Top Quizzes in Song
Browse Song
Top Contributed Quizzes in Music
1
Taylor Swift All Songs (2024)
2
2010s Album by Cover III
3
One Thing in Common: Music
4
Taylor Swift Logic Puzzle
5
Guess the Artist- 70s Songs
6
2010s Album by Cover IV
7
Guess the Taylor Swift song (Mystery Song)
8
2010s Album by Cover V
9
Lana Del Rey Discography (BTD to DYKTTATUOB)
10
2010s Album by Cover VI
Explore More
Trending Topics
Anime
Crossword
Marvel
Kpop
Harry Potter
Disney
NBA
Country
Song
NFL
WWE
The Office
Pokémon
Soccer
Puzzle
hide this ad
More By:
TonyAlmeida
Quiz
Plays
Rating
Category
Featured
Created
Rise Against Songs By Antonym
1,719
3.81
Music
Jul 31, 2010
Paper Wings Lyrics - Rise Against
186
4.00
Music
Jul 31, 2010
24 Quiz : Day 1
176
5.00
Television
Jun 4, 2010
24 Quiz : Day 2
168
5.00
Television
Jun 5, 2010
Everchanging Lyrics
130
4.50
Music
Jul 26, 2010
Go to Creator's Profile
Score Distribution
Quiz Creator Spotlight
TonyAlmeida
Follow
Send a Message
Quizzes Created
-
Created Quiz Play Count
-
More By This Creator
Popular Quizzes Today
1
Find the US States - No Outlines Minefield
2
Find the Countries of Europe - No Outlines Minefield
3
The Countries of the World
4
Popular People in 1961
5
1-10 Letter E Words III
6
Find the US States
7
One Thing in Common: World Cities II
8
US States
More Music Quizzes
► Follow That Line: The Saga Begins
Curator's Pick
Trending Quizzes
Risky Map Clicking: Least Populous States A-Z
1-10 Letter F Words
1-10 Letter G Words
One Thing in Common: United Kingdom
Risky Map Clicking: Next State Alphabetically
Recently Updated
Leaping Animals
pecheneg
Reality TV Shows (A-Z)
bhenderson79
Rickey Henderson's Hall of Fame Teammates
pecheneg
Champions League XIs: Arsenal
pecheneg
Quick Pick: Celebrities in WWE's Hall of Fame
aduchscher
A-Z Keypad Blitz II
pecheneg
Multiple Oscar Actors
pecheneg
Mystery Phrase Blitz: Oscar 'Best Actors'
pecheneg
F. Scott Fitzgerald Novels
LTH
Pick 3 Villains
ddd62291
Trending Topics
Marvel
Disney
Crossword
Anime
NBA
Kpop
Harry Potter
NFL
Puzzle
Song
The Office
Pokémon
Country
Soccer
WWE
Your Account Isn't Verified!
In order to create a playlist on Sporcle, you need to verify the email address you used during registration. Go to your
Sporcle Settings
to finish the process.
Report this User
Report this user for behavior that violates our
Community Guidelines
.
Details:
Send Report
Go to the Sporcle.com Mobile Site →
Comments